| 000 -LEADER |
| fixed length control field |
01195nam a22001457a 4500 |
| 008 - FIXED-LENGTH DATA ELEMENTS--GENERAL INFORMATION |
| fixed length control field |
220214b ||||| |||| 00| 0 eng d |
| 100 ## - MAIN ENTRY--PERSONAL NAME |
| Personal name |
Kohlhas, Alexandre N. and Walther, Ansgar |
| 245 ## - TITLE STATEMENT |
| Title |
Asymmetric attention |
| 260 ## - PUBLICATION, DISTRIBUTION, ETC. (IMPRINT) |
| Place of publication, distribution, etc |
The American Economic Review |
| 300 ## - PHYSICAL DESCRIPTION |
| Extent |
111(3), Sep, 2021: p.2879-2925 |
| 520 ## - SUMMARY, ETC. |
| Summary, etc |
We document that the expectations of households, firms, and professional forecasters in standard surveys simultaneously extrapolate from recent events and underreact to new information. Existing models of expectation formation, whether behavioral or rational, cannot account for these observations. We develop a rational theory of extrapolation based on limited attention, which is consistent with this evidence. In particular, we show that limited, asymmetric attention to procyclical variables can explain the coexistence of extrapolation and underreactions. We illustrate these mechanisms in a microfounded macroeconomic model, which generates expectations consistent with the survey data, and show that asymmetric attention increases business cycle fluctuations. – Reproduced |
| 773 ## - HOST ITEM ENTRY |
| Main entry heading |
The American Economic Review |
| 906 ## - LOCAL DATA ELEMENT F, LDF (RLIN) |
| Subject DIP |
ECONOMICS |
| 942 ## - ADDED ENTRY ELEMENTS (KOHA) |
| Item type |
Articles |